000 00905nam a2200253Ia 4500
003 OSt
005 20220925223525.0
006 a|||||r|||| 00| 0
007 ta
008 220923b |||||||| |||| 00| 0 eng d
020 _a0415445443
_c590.75
037 _bDL/INV-CONF/08-05980, 09/03/2009, Atlantic Publisher & Distributers
_cGeneral Book
040 _aRTL
_cRTL
_beng
041 _2eng
_aeng
082 _aY38:3(Z), P7
100 _aGhosh Partha S
_917316
245 0 _aPolitics of personal law in South Asia
_b Identity, nationalism and the uniform civil code.
260 _aLondon
_bRoutledge
_c2007
300 _axiv, 339p.
_ccm.
500 _aBibliography: P292-325; Glossary: P287-291
650 _aSociology
942 _hY38:3(Z), P7
_cGB
_2CC
999 _c579803
_d579803